000 04093cam a22004454a 4500
001 75863
005 20230410121027.0
008 080919s2008 nyua 000 0 eng
010 _a 2008277130
035 _a(OCoLC)ocn237886808
040 _aDLC
_cDLC
_dBTCTA
_dBAKER
_dYDXCP
_dOCP
_dNPUBL
_dBWX
_dUPZ
_dNUI
_dIH7
_dCDX
_dIXA
_dUUC
_dFTL
_dNOR
_dCQU
_dJQD
_dRIOSL
019 _a237886812
020 _a9780307460455 (pbk.)
020 _a0307460452 (pbk.)
035 _a(OCoLC)237886808
_z(OCoLC)237886812
043 _an-us---
050 1 4 _aJK 468
_bC456 2008
082 0 0 _a324.973
245 1 0 _aChange we can believe in :
_bBarack Obama's plan to renew America's promise /
_cwith a foreword by Barack Obama.
260 _aNew York :
_bThree Rivers Press,
_c2008.
300 _a273 p. :
_bill. ;
_c21 cm.
500 _a"Includes 3 key speeches from the 2008 campaign"--cover.
505 0 0 _tForeword /
_gBarack Obama --
_gpt. 1.
_tThe plan --
_g[1A].
_tIntroduction :
_tHope for America --
_g[1B].
_tReviving our economy : strengthening the middle class --
_tProvide immediate relief with an emergency economic plan --
_tEconomic security and opportunity for all American families --
_tAffordable health care for all Americans --
_tEmpower families to succeed --
_tRestore trust, return to fiscal responsibility --
_g[1C].
_tInvesting in our prosperity : creating our economic future --
_tPromote our energy independence and create five million green jobs --
_tA world-class education for every American --
_tMake America the undisputed leader in science and technology --
_tBuild the infrastructure of the twenty-first century --
_tHelp our small businesses and manufacturers thrive and create jobs --
_tCompete and thrive in the global economy --
_g[1D].
_tRebuilding America's leadership : restoring our place in the world --
_tEnd the war in Iraq responsibly --
_tFinish the fight against al Qaeda and turn the tide against global terrorism --
_tRebuild a strong twenty-first-century military --
_tStop the spread of nuclear weapons --
_tRenew our alliances to meet new global challenges --
_g[1E].
_tPerfecting our union : embracing America's values --
_tRestore trust in government and clean up Washington --
_tMake voluntary citizen service universal --
_tpartner with communities of faith --
_tStrengthen families --
_tAdvance equal opportunity for all Americans --
_tSecure our borders and reform a broken immigration system --
_tSafeguard the environment for future generations --
_tHonor sportsmen and protect our great outdoors --
_tFight crime and promote public safety --
_g[1F].
_tConclusion :
_tYes, we can --
505 0 0 _gpt. 2.
_tThe call --
_tDeclaration of candidacy, February 10, 2007, Springfield, Illinois --
_tIowa caucus night, January 3, 2008, Des Moines, Iowa --
_tNew Hampshire primary night, January 8, 2008, Nashua, New Hampshire --
_tA more perfect union, March 18, 2008, Philadelphia, Pennsylvania --
_tFather's Day 2008, June 15, 2008, Chicago, Illinois --
_tRenewing American competitiveness, June 16, 2008, Flint, Michigan --
_tA world that stands as one, July 24, 2008, Berlin, Germany --
_tAcknowledgments.
520 _aOutlines Obama's plan to effect political change in the event of his election, exploring his strategies to revive the economy, create a sound economic future, rebuild America's image abroad, and promote core American values.
508 _a[Prepared by] "Team Book" at Obama for America; edited by Rachel Klayman -- p. 273.
650 0 _aPolitical planning
_zUnited States.
650 0 _aPresidents
_zUnited States
_xElection
_y2008.
650 0 _aCampaign speeches
_zUnited States.
700 1 _aObama, Barack.
938 _aCoutts Information Services
_bCOUT
_n8659218
_c13.95 USD
938 _aBaker & Taylor
_bBKTY
_c13.95
_d10.46
_i0307460452
_n0007895442
_sactive
938 _aYBP Library Services
_bYANK
_n2857341
938 _aBaker and Taylor
_bBTCP
_nBK0007895443
938 _aBaker & Taylor
_bBKTY
_c19.95
_d14.96
_i0739383221
_n0007895443
_sactive
938 _aBlackwell Book Service
_bBBUS
_nR3733122
_c$13.95
942 _2lcc
_cbk
994 _aC0
_bDRFGD
946 _aRdC
999 _c56480
_d56480